000 01554nam a2200349 c 4500
003 BLK
005 20241204132946.0
008 180410b bul|||||r ||||||| ||bul||
010 _aKNG00173711000
020 _a978-954-27-1147-6
_bиздат.: Егмонт България
040 _aBLK
041 _aBUL
_cBUL
072 7 _2bullib
_aН8302
_xФантастика Н
080 _aАмериканска литература (на САЩ)
_b821.111(73)
_x-312.9
_z821.111(73)-312.9
100 1 _aПатерсън, Джеймс
_eпърви автор
_9377754
700 _aМаринов, Александър Валентинов
_d1979-
_gПреводач от/на английски език
_qАлександър Маринов-Санчо
_9382244
139 _aПатерсън, Джеймс
_bП 28
245 1 0 _aАнгелският експеримент
_bРоман
_cДжеймс Патерсън; прев. от англ. Александър Валентинов Маринов.
257 _aUSA
260 София
_bЕгмонт България
_c2014
_fСофия : Дедракс
300 _a383 с.
_c21 см
380 _aX
490 1 _aМаксимум Райд
_vкн. 1
500 _aОриг. загл.: The angel experiment / James Patterson.
659 _aН
852 _aЦб 273569
856 4 _qpdf
_u
856 4 _qpdf
_u
942 _cKNG
_n0
944 _aCR
_c02.04.2015
_k30560
_lГеновева Генчева
944 _aED
_c20.08.2015
_kГеновева_Генчева
999 _c166035
_d166035